Random Pixelated European Country Shapes - Statistics

General Stats
  • This quiz has been taken 1,812 times
  • The average score is 8 of 10
Answer Stats
Picture Answer % Correct
Italy
98%
United Kingdom
96%
France
95%
Greece
95%
Norway
95%
Spain
95%
Croatia
94%
Austria
92%
Germany
92%
Portugal
91%
Russia
88%
Denmark
86%
Iceland
86%
Sweden
85%
Ukraine
85%
Ireland
84%
Switzerland
84%
Albania
82%
Netherlands
82%
Poland
82%
Bosnia and Herzegovina
81%
Finland
81%
Hungary
81%
Serbia
80%
Czech Republic
79%
Monaco
79%
Romania
78%
Belarus
76%
Latvia
75%
Moldova
75%
Slovakia
74%
Bulgaria
70%
Belgium
68%
Estonia
68%
Slovenia
68%
Montenegro
66%
Luxembourg
65%
Lithuania
64%
No matching quizzes found
Score Distribution
Percent of People with Each Score
Percentile by Number Answered
Your Score History
You have not taken this quiz